000 00463nam a2200193Ia 4500
008 210210b1937 xxu||||| |||| 00| 0 eng d
041 _aeng
082 _a825/90
100 _aBLUNDEN (E)
245 _aCharles Lamb and his contemporaries
260 _aCambridge
_bAt the University Press.
_c1937
650 _aLamb
650 _ahis
650 _acontemporaries
650 _aCharles
650 _aand
690 _aEnglish Criticism
906 _a014408
999 _c133585
_d133585